000 00515nam a22001817i 4500
001 3828
003 OSt
005 20170126082324.0
007 tu
008 161220s1998 xxu||||| |||| 00| 0 d
024 7 _a3827
_2RID
040 _cOSt
100 1 _aMichaelowa, Axel
245 0 0 _aÜbertragung des Demokratiemodells der Neuen Politischen Ökonomie auf die Klimapolitik
260 _aHamburg :
_bHWWA-Institut für Wirtschaftsforschung,Hamburg,
_c1998.
300 _a47 S. ;
_c30cm.
490 _aHWWA-Diskussionspapier
_v53
942 _cB
999 _c3767
_d3767